000 01009nam a22002537a 4500
005 20170124102939.0
010 _aB-157886
020 _c160.00
035 _aB-157886
037 _bCen Lib/Ret
040 _aDPL
_bHN
082 _a821
_bभारिल्ल
100 _aभारिल्ल ,विज्ञान
_942466
245 _aमयूर पंख :
_cविज्ञान भारिल्ल
_bगध काव्य /
246 _amayur pankh :gadh kavaya
_bby Vigyaan Bharill
260 _aजयपुर
_bरिसेअर्च पब्लिकेशन
_c2000
270 _a89,त्रिपोलिया
_bजयपुर
300 _a75पृष्ठ.
_c21सेमी (सजिल्द)
650 _aहिंदी साहित्य
_947851
650 _aहिंदी काव्य
_947852
650 _ahindi literature
_947853
650 _aHindi poetry
_947854
942 _2ddc
_cHN
_h821
_mभारिल्ल
999 _c112491
_d112491